Dejstvije kak kognitivnoje osnovanije leksičeskoj nominacii u drevnich Slavjan

Článok skúma kognitívne základy staroslovanských názvov na základe dvoch tematických skupín: názvov odevov a názvov pekárenských výrobkov. Autorka zisťuje verbálny charakter motivácie väčšiny lexém zahrnutých do analyzovaných skupín.

Guardado en:
Detalles Bibliográficos
Autor principal: Markova, Elena Michajlovna, 1960-
Formato: Capítulo de libro
Lenguaje:ruso
Materias:
Etiquetas: Agregar Etiqueta
Sin Etiquetas, Sea el primero en etiquetar este registro!

MARC

LEADER 00000naa$a2200000$$$4500
001 0308210
005 20250422110313.9
041 0 |a rus 
044 |a RU 
245 1 0 |a Dejstvije kak kognitivnoje osnovanije leksičeskoj nominacii u drevnich Slavjan  |c Elena Michajlovna Markova 
520 |a Článok skúma kognitívne základy staroslovanských názvov na základe dvoch tematických skupín: názvov odevov a názvov pekárenských výrobkov. Autorka zisťuje verbálny charakter motivácie väčšiny lexém zahrnutých do analyzovaných skupín. 
610 2 0 |a vedy kognitívne 
610 2 0 |a lexikológia 
610 2 0 |a jazyky cudzie 
610 2 0 |a jazyk odborný 
100 1 |a Markova, Elena Michajlovna, 1960-